[Event "Escacs 183"]
[Site "http://www.queenalice.com/game.php?id=1861111"]
[Date "2025.8.6"]
[Round "-"]
[White "Winslow"]
[Black "alterego"]
[Result "0-1"]
[WhiteElo "1551"]
[BlackElo "1579"]

1. d4 g6 2. Nf3 Bg7 3. Bf4 Nf6 4. Nbd2 a6 5. e3 b5 6. Bd3 Nc6 7. O-O O-O 8. c3
d5 9. Qe2 Bg4 10. h3 Bh5 11. g4 Nxg4 12. hxg4 Bxg4 13. Kh2 e6 14. Rg1 Ne7 15.
Rxg4 f5 16. Rh4 Bf6 17. Bg5 Bxg5 18. Nxg5 Nc6 19. f4 e5 20. Rxh7 Qf6 21. Kg3
Rae8 22. Rxc7 exf4+ 23. Kxf4 b4 24. Qh2 Qd6+ 25. Kf3 Qxh2 26. Rh7 Qxd2 27. Bxa6
Qxe3+ 28. Kg2 Qxg5+ 29. Kf2 Kxh7 30. Bb5 Qh4+ 0-1

[Event "Let's Play Chess!"]
[Site "http://www.queenalice.com/game.php?id=1861384"]
[Date "2025.8.11"]
[Round "-"]
[White "Winslow"]
[Black "igor12345"]
[Result "0-1"]
[WhiteElo "1550"]
[BlackElo "2085"]

1. d4 d5 2. Nf3 Nf6 3. Bf4 e6 4. Nbd2 c5 5. c4 Qa5 6. b3 Nc6 7. e3 Nh5 8. Ne5
Nxf4 9. exf4 Nxd4 10. Bd3 a6 11. a4 g6 12. O-O Bg7 13. cxd5 exd5 14. Re1 O-O 15.
Nef3 Nxf3+ 16. Nxf3 Bxa1 17. Qxa1 Qc7 18. Ne5 f6 19. Bxg6 fxe5 20. Bc2 e4 21.
Qe5 Qxe5 22. fxe5 Bg4 23. h3 Bh5 24. g4 Bg6 25. Bd1 Rae8 26. Kg2 Rxe5 27. f4
Rxf4 28. Kg3 Rf6 29. h4 h6 30. h5 Bf7 31. Be2 Rg5 32. Kh4 Rf2 0-1

[Event "Challenge"]
[Site "http://www.queenalice.com/game.php?id=1861733"]
[Date "2025.8.17"]
[Round "-"]
[White "dejami"]
[Black "Winslow"]
[Result "1-0"]
[WhiteElo "1777"]
[BlackElo "1486"]

1. e4 d6 2. Qf3 Nf6 3. h3 g6 4. g4 Bg7 5. d3 Nc6 6. c3 Ne5 7. Qe2 b6 8. f4 Nc6
9. d4 e5 10. d5 Ne7 11. f5 Bd7 12. a4 a5 13. Na3 Bxa4 14. Nc4 b5 15. Na3 b4 16.
Nc4 O-O 17. h4 Bb5 18. Qf3 Qd7 19. Nd2 Bxf1 20. Nxf1 c5 21. h5 gxh5 22. g5 Nxe4
23. f6 Nxg5 24. Qf2 Ne4 25. Qg2 Nxf6 26. Bh6 Ng6 27. Bg5 h6 28. Bd2 Rae8 29.
O-O-O b3 30. c4 a4 31. Ng3 Nf4 32. Bxf4 exf4 33. Nxh5 1-0

[Event "Let's Play 873"]
[Site "http://www.queenalice.com/game.php?id=1862817"]
[Date "2025.9.19"]
[Round "-"]
[White "Winslow"]
[Black "digger"]
[Result "0-1"]
[WhiteElo "1534"]
[BlackElo "1706"]

1. d4 d5 2. Bf4 e6 3. Nf3 Nc6 4. e3 Nf6 5. Bd3 Bd6 6. O-O O-O 7. c3 a6 8. Nbd2
Nh5 9. Bb1 Nxf4 10. exf4 Bxf4 11. Qc2 g6 12. Nb3 b6 13. g3 Bh6 14. h4 f6 15. Qe2
a5 16. Qd3 Ba6 17. Qe3 Bxe3 18. fxe3 Bxf1 19. Kxf1 Kg7 20. Bd3 a4 21. Nbd2 e5
22. Bb5 Qd6 23. Ke2 e4 24. Bxc6 Qxc6 25. a3 Qb5+ 26. c4 Qxb2 27. Rb1 Qxa3 28.
Ne1 dxc4 29. Kf1 f5 30. Ke2 Qa2 0-1

[Event "Let's Play 874"]
[Site "http://www.queenalice.com/game.php?id=1862818"]
[Date "2025.9.19"]
[Round "-"]
[White "digger"]
[Black "Winslow"]
[Result "0-1"]
[WhiteElo "1737"]
[BlackElo "1479"]

1. Nc3 c5 2. e4 d6 3. Qf3 g6 4. Bc4 Nf6 5. Nce2 Bg7 6. Nf4 Bg4 7. Qe3 e5 8. f3
Bd7 9. Qb3 O-O 10. Qxb7 Nc6 11. Be2 Na5 12. Qa6 Qb6 13. Nd5 Qxa6 14. Bxa6 Nxd5
15. Bd3 Nf4 16. Bf1 Rab8 17. d3 h5 18. g3 Ne6 19. b3 Nd4 20. Kd1 Be6 21. Be3
Nac6 22. h3 a6 23. Rc1 Rfc8 24. c4 a5 25. Rb1 Nb4 26. Bxd4 exd4 27. g4 Nxa2 28.
Rb2 Nb4 29. Kd2 Rc7 30. gxh5 Bh6+ 31. Kd1 gxh5 32. Be2 f6 33. h4 Rg7 34. Ke1 Be3
35. Nh3 Bxh3 36. Rxh3 Rg1+ 37. Bf1 Nxd3+ 38. Ke2 Nxb2 39. Rh2 Rxb3 40. Bh3 Rd3
41. Rg2+ Rxg2+ 42. Bxg2 a4 43. Bh3 Rd2+ 44. Ke1 Nd3+ 45. Kf1 Rf2+ 46. Kg1 a3 0-1

[Event "Escacs 194"]
[Site "http://www.queenalice.com/game.php?id=1863257"]
[Date "2025.9.21"]
[Round "-"]
[White "alterego"]
[Black "Winslow"]
[Result "0-1"]
[WhiteElo "1623"]
[BlackElo "1528"]

1. d4 d6 2. c4 g6 3. g3 Bg7 4. Nf3 Nf6 5. Bg2 c6 6. d5 c5 7. O-O Bf5 8. Na3 b6
9. Bf4 Qd7 10. Nh4 Be4 11. f3 h6 12. fxe4 g5 13. Nf5 O-O 14. Nxg7 Kxg7 15. Bd2
Ng4 16. Bh3 f6 17. e3 h5 18. Nb5 a6 19. Nc3 Qc7 20. b3 Nd7 21. Rf5 Nde5 22. a4
a5 23. Nb5 Qd7 24. Bf1 Nd3 25. Bxd3 Ne5 26. Qxh5 Nxd3 27. Qg4 Ne5 28. Rf2 Nxg4
29. Rf5 e6 30. Rf3 Ne5 31. Rf2 Kg6 32. Raf1 Qe7 33. Bc3 Ng4 34. Rf3 Qh7 35.
Rxf6+ Rxf6 36. Bxf6 Qxh2# 0-1

[Event "Escacs 195"]
[Site "http://www.queenalice.com/game.php?id=1863258"]
[Date "2025.9.21"]
[Round "-"]
[White "Winslow"]
[Black "alterego"]
[Result "0-1"]
[WhiteElo "1548"]
[BlackElo "1610"]

1. d4 g6 2. Nf3 Bg7 3. c3 Nf6 4. Bf4 a6 5. e3 b5 6. Nbd2 Bb7 7. Be2 O-O 8. Bd3
d5 9. O-O Nbd7 10. Qe2 c5 11. dxc5 Nxc5 12. Nd4 Nxd3 13. Qxd3 Ng4 14. h3 Ne5 15.
Bxe5 Bxe5 16. N2f3 Bc7 17. b4 Qd6 18. g3 Bc8 19. Kh2 Qf6 20. Qe2 e5 21. Nc2 e4
22. Nfd4 Qh4 23. f4 Qxh3+ 24. Kg1 Qxg3+ 25. Qg2 Qxg2+ 26. Kxg2 Bg4 27. Ne1 a5
28. Kg3 Bh5 29. a3 a4 30. Kf2 Rac8 31. Nxb5 Bb6 32. Rc1 Rc4 33. Nd6 Rc6 34. Nb5
Rfc8 35. Ng2 Rf6 36. Nd4 Bg4 37. Rh1 h5 38. Nh4 Kh7 39. Rc2 Bxd4 40. exd4 Rxf4+
41. Ke3 Rf6 42. Rb1 g5 43. Ng2 Rf3+ 44. Ke2 Rfxc3+ 0-1

[Event "Let's Play Chess!"]
[Site "http://www.queenalice.com/game.php?id=1864425"]
[Date "2025.10.20"]
[Round "-"]
[White "Winslow"]
[Black "Charles56"]
[Result "0-1"]
[WhiteElo "1525"]
[BlackElo "1804"]

1. d4 d5 2. Bf4 Nf6 3. e3 b6 4. c4 dxc4 5. Bxc4 e6 6. Nd2 Bb7 7. f3 Bd6 8. Ne2
Bc6 9. b3 h6 10. O-O Bb7 0-1

[Event "Let's Play Chess!"]
[Site "http://www.queenalice.com/game.php?id=1864633"]
[Date "2025.10.22"]
[Round "-"]
[White "Winslow"]
[Black "alterego"]
[Result "0-1"]
[WhiteElo "1506"]
[BlackElo "1548"]

1. d4 g6 2. Nf3 Bg7 3. e3 Nf6 4. Bd3 a6 5. Nbd2 b5 6. c3 Nc6 7. O-O O-O 8. b4
Bb7 9. Qe2 Nd5 10. Bb2 d6 11. c4 Ndxb4 12. Ba3 bxc4 13. Bxb4 cxd3 0-1

[Event "Let's Play Chess!"]
[Site "http://www.queenalice.com/game.php?id=1864634"]
[Date "2025.10.22"]
[Round "-"]
[White "alterego"]
[Black "Winslow"]
[Result "1-0"]
[WhiteElo "1562"]
[BlackElo "1492"]

1. d4 d6 2. g3 Nf6 3. Bg2 g6 4. Nf3 Bg7 5. c3 Bf5 6. Na3 O-O 7. Bg5 Nbd7 8. b4
h6 9. Bf4 Ng4 10. Nh4 Be6 11. O-O h5 12. Qd3 1-0

[Event "Let's Play Chess!"]
[Site "http://www.queenalice.com/game.php?id=1865704"]
[Date "2025.11.18"]
[Round "-"]
[White "alow_proton"]
[Black "Winslow"]
[Result "1-0"]
[WhiteElo "2072"]
[BlackElo "1503"]

1. e4 d6 2. d4 Nf6 3. Nc3 g6 4. Bc4 c6 5. a4 Bg7 6. h3 e6 7. Bg5 Nbd7 8. Qd2 h6
9. Bf4 d5 10. exd5 cxd5 11. Bd3 Qe7 12. Nf3 b6 13. Nb5 O-O 14. Bd6 Ne4 15. Bxe7
Nxd2 16. Nxd2 a6 17. Bxf8 Bxf8 18. Nc3 Bb7 19. O-O Rc8 20. Rfe1 Nf6 21. g4 a5
22. Nb5 Ne4 23. Nf3 f6 24. c3 Be7 25. Nh4 Kg7 26. Re2 g5 27. Ng2 Bc6 28. Na7 Rc7
29. Nxc6 Rxc6 30. Bxe4 dxe4 31. Rxe4 Kg6 32. Rae1 Bd8 33. Rxe6 1-0

[Event "Let's Play Chess!"]
[Site "http://www.queenalice.com/game.php?id=1865705"]
[Date "2025.11.18"]
[Round "-"]
[White "Winslow"]
[Black "alow_proton"]
[Result "0-1"]
[WhiteElo "1493"]
[BlackElo "2126"]

1. d4 d5 2. Bf4 Nf6 3. Nf3 e6 4. e3 c5 5. c3 Nc6 6. Bd3 c4 7. Bc2 Bd6 8. Bxd6
Qxd6 9. Nbd2 O-O 10. O-O a5 11. a3 b5 12. Qe2 Bb7 13. Ng5 h6 14. Ngf3 a4 15. Ne5
Nxe5 16. dxe5 Qxe5 17. Nf3 Qc7 18. Rad1 Rad8 19. Rd2 Rd7 20. Rfd1 Rfd8 21. Rd4
e5 22. Rh4 e4 23. Nd4 Qb6 24. g3 Re8 25. Rf4 Bc8 26. g4 Nh7 27. h3 Rf8 28. Kh2
Rd6 29. Nf5 Bxf5 30. Rxf5 Qb7 31. f3 g6 32. Rdxd5 Rxd5 33. Bxe4 gxf5 34. Bxd5
Qxd5 0-1

[Event "Lot 49"]
[Site "http://www.queenalice.com/game.php?id=1866160"]
[Date "2025.11.25"]
[Round "-"]
[White "Winslow"]
[Black "Sph4444"]
[Result "0-1"]
[WhiteElo "1501"]
[BlackElo "1904"]

1. d4 d5 2. Bf4 e6 3. Nf3 Bd6 4. e3 Bxf4 5. exf4 Nf6 6. Bd3 O-O 7. O-O b6 8.
Nbd2 a5 9. a4 Ba6 10. Bxa6 Nxa6 11. c3 c5 12. Ne5 Qc7 13. Ndf3 h6 14. Qc2 Ne4
15. Rfe1 c4 16. Rac1 f6 17. Ng6 Rf7 18. h4 h5 19. g3 Kh7 20. f5 Nxg3 21. fxg3
Qxg3+ 22. Qg2 Qxg2+ 23. Kxg2 exf5 24. Nf4 Nc7 25. Re2 Re8 26. Rxe8 Nxe8 27. Re1
Nc7 28. Nxh5 g6 29. Nxf6+ Kg7 30. Ne8+ Nxe8 31. Rxe8 Kf6 32. Ne5 Rh7 33. Rf8+
Kg7 0-1

[Event "Let's Play Chess!"]
[Site "http://www.queenalice.com/game.php?id=1866170"]
[Date "2025.11.26"]
[Round "-"]
[White "alow_proton"]
[Black "Winslow"]
[Result "1-0"]
[WhiteElo "2070"]
[BlackElo "1505"]

1. e4 d6 2. d4 Nf6 3. Nc3 g6 4. Nf3 Bg7 5. h3 Bd7 6. Bc4 O-O 7. O-O Nc6 8. a3 e5
9. dxe5 dxe5 10. Bg5 h6 11. Bh4 Kh7 12. Bd3 Qe8 13. Nb5 Qc8 14. Bg3 Be6 15. Nxe5
Qd8 16. Nxc6 bxc6 17. Nxc7 Rc8 18. Nxe6 fxe6 19. Bh4 Qd6 20. Bg3 e5 21. Qe2 Rb8
22. b4 Rfd8 23. Rfd1 Qe7 24. c4 Rd4 25. f3 Rdd8 26. Bh4 g5 27. Bf2 Rb7 28. Bc2
1-0